| 000 | 00626nam a22002057a 4500 | ||
|---|---|---|---|
| 999 |
_c9845 _d9845 |
||
| 003 | AR-CdUCM | ||
| 008 | 190328b ||||| |||| 00| 0 spa d | ||
| 020 | _a978-84-16648-01-6 | ||
| 040 |
_aMUNICIPALIDAD PROVINCIAL DEL CUSCO _cBIBLIOTECA MUNICIPAL DEL CUSCO |
||
| 082 |
_aSI-0117 / _bFIL / han |
||
| 100 |
_aFilipek, Nina _926331 |
||
| 245 | _aHansel y Gretel / | ||
| 260 |
_aBarcelona : _bPicarona, _c2016. |
||
| 300 |
_a29 páginas ; _bIlustraciones. _c22 cm. |
||
| 650 |
_aLiteratura infantil _9588 |
||
| 650 |
_aSiglo XXI _92856 |
||
| 700 |
_aMosquera, Raquel (traductora) _926332 |
||
| 942 |
_2ddc _cLIBROS |
||
| 945 | _aafb | ||